=LDR 00000nam 2200000 4500 =001 INLIS000000000004530 =005 20130612092811 =008 ***********************************Ind** =035 ##$$0010-061300000004530 =041 ##$$a Ind =082 ##$$a 639.37 =090 ##$$a 639.37, Kom b =100 ##$$a KOMARUDDIN, Ujang A.K =245 ##$$a Betutu / oleh Ujang Komaruddin A.K. -- =260 ##$$a 2000 $b Jakarta : Penebar Swadaya =300 ##$$a viii, 80 hlm. : ilus. ; 21 cm =650 ##$$a Ikan, Pemeliharaan =850 ##$$a NBPNMAT